|
|
|
|
| LEADER |
02673nam a2200577 a 4500 |
| 001 |
nkc20102095403 |
| 003 |
CZ PrNK |
| 005 |
20110704073903.0 |
| 007 |
ta |
| 008 |
100408s2010 xr a e p 000 0 cze |
| 015 |
|
|
|a cnb002095403
|
| 020 |
|
|
|a 978-80-7204-672-0
|q (brož.)
|
| 035 |
|
|
|a (OCoLC)655144628
|
| 040 |
|
|
|a BOA001
|b cze
|d ABA001
|
| 072 |
|
7 |
|a 691
|x Stavební hmoty
|2 Konspekt
|9 19
|
| 072 |
|
7 |
|a 37.016
|x Učební osnovy. Vyučovací předměty. Učebnice
|2 Konspekt
|9 22
|
| 080 |
|
|
|a 691
|2 MRF
|
| 080 |
|
|
|a 620.1
|2 MRF
|
| 080 |
|
|
|a (075.8)
|2 MRF
|
| 080 |
|
|
|a (076.5)
|2 MRF
|
| 100 |
1 |
|
|a Vymazal, Tomáš,
|d 1974-
|7 mzk2004217593
|4 aut
|
| 245 |
1 |
0 |
|a Stavební látky - cvičebnice /
|c Tomáš Vymazal a kolektiv
|
| 250 |
|
|
|a Vyd. 1.
|
| 260 |
|
|
|a Brno :
|b Akademické nakladatelství CERM,
|c 2010
|
| 300 |
|
|
|a 114 s. :
|b il. ;
|c 30 cm
|
| 490 |
1 |
|
|a Učební texty vysokých škol
|
| 500 |
|
|
|a Na obálce nad názvem: Vysoké učení technické v Brně, Fakulta stavební, Ústav stavebního zkušebnictví
|
| 504 |
|
|
|a Obsahuje bibliografii
|
| 650 |
0 |
7 |
|a stavební materiály
|7 ph116281
|2 czenas
|
| 650 |
0 |
7 |
|a zkoušení materiálů
|7 ph116776
|2 czenas
|
| 650 |
0 |
9 |
|a building materials
|2 eczenas
|
| 650 |
0 |
9 |
|a material testing
|2 eczenas
|
| 655 |
|
7 |
|a učebnice vysokých škol
|7 fd133772
|2 czenas
|
| 655 |
|
7 |
|a praktická cvičení
|7 fd133118
|2 czenas
|
| 655 |
|
9 |
|a textbooks (higher)
|2 eczenas
|
| 655 |
|
9 |
|a problems, exercises, etc
|2 eczenas
|
| 710 |
2 |
|
|a Vysoké učení technické v Brně.
|b Ústav stavebního zkušebnictví
|7 mzk2003205633
|
| 810 |
2 |
|
|a Vysoké učení technické v Brně.
|t Učební texty vysokých škol
|0 s
|
| 910 |
2 |
|
|a BOA001
|b 4-1244.730
|
| 928 |
9 |
|
|a CERM
|
| 990 |
|
|
|a BK
|
| 995 |
|
|
|a 01
|
| 991 |
|
|
|b 201007
|c NOV
|j 69 VYM
|
| 996 |
6 |
|
|b 2610440668
|c 4-1244.730
|l MZK
|r Sklad / do 1 hodiny
|n 1
|p p.v.
|w 001127951
|u 000010
|a 1
|e BOA001
|j MZK50
|s P
|
| 996 |
7 |
|
|b 2610440669
|c 4-1244.730
|l MZK
|r Sklad / do 1 hodiny
|n 0
|p p.v.
|w 001127951
|u 000020
|a 1
|e BOA001
|j MZK50
|s A
|
| 996 |
7 |
|
|b 2610441951
|c 4-1244.730
|l MZK
|r Sklad / do 1 hodiny
|n 3
|p kup
|w 001127951
|u 000030
|a 1
|e BOA001
|j MZK50
|s A
|
| 996 |
7 |
|
|b 2610441952
|c 4-1244.730
|l MZK
|r Sklad / do 1 hodiny
|n 1
|p kup
|w 001127951
|u 000040
|a 1
|e BOA001
|j MZK50
|s A
|
| 996 |
7 |
|
|b 2610483427
|c 4-1244.730
|l MZK
|r Sklad / do 1 hodiny
|n 0
|p dar
|w 001127951
|u 000050
|a 1
|e BOA001
|j MZK50
|s A
|
| 996 |
7 |
|
|b 2610483428
|c 4-1244.730
|l MZK
|r Sklad / do 1 hodiny
|n 2
|p dar
|w 001127951
|u 000060
|a 1
|e BOA001
|j MZK50
|s A
|
| 996 |
7 |
|
|b 2610483429
|c 4-1244.730
|l MZK
|r Sklad / do 1 hodiny
|n 1
|p kup
|w 001127951
|u 000070
|a 1
|e BOA001
|j MZK50
|s A
|
| 996 |
7 |
|
|b 2610483430
|c 4-1244.730
|l MZK
|r Sklad / do 1 hodiny
|n 2
|p kup
|w 001127951
|u 000080
|a 1
|e BOA001
|j MZK50
|s A
|